header

Social scientists for social justice (Record no. 63118)

MARC details
000 -LEADER
fixed length control field 02426nam a22004454a 4500
082 04 - DEWEY DECIMAL CLASSIFICATION NUMBER
Classification number 340/.115
100 1# - MAIN ENTRY--AUTHOR NAME
Personal name Jackson, John P.,
245 10 - TITLE STATEMENT
Title Social scientists for social justice
260 ## - PUBLICATION, DISTRIBUTION, ETC. (IMPRINT)
Place of publication New York :
Name of publisher New York University Press,
Year of publication c2001.
300 ## - PHYSICAL DESCRIPTION
Number of Pages xii, 291 p.
490 1# - SERIES STATEMENT
Series statement Critical America
505 0# - FORMATTED CONTENTS NOTE
Formatted contents note The study of race between the wars -- Effect of World War II on study of racial prejudice -- The American Jewish Congress -- Pre-Brown litigation -- Recruiting expert witnesses -- Testimony of the experts -- Supreme court hearings and decision, Brown I -- Supreme court hearings and decision, Brown II -- Committee of social science consultants.
650 #0 - SUBJECT ADDED ENTRY--TOPICAL TERM
Topical Term Discrimination in education
Topical Term Race discrimination
Topical Term Discrimination in education
Topical Term Race discrimination
Topical Term African Americans
Topical Term Sociological jurisprudence.
Topical Term Social justice
Topical Term Social scientists
Topical Term Social engineering
856 40 - ELECTRONIC LOCATION AND ACCESS
Uniform Resource Identifier http://site.ebrary.com/lib/rucke/Doc?id=10032492

No items available.

© 2026 Rongo University
Contact us: librarian | system librarian | Rongo university